000 00235nam a22001097a 4500
041 _aeng
080 _a80
100 _aAzar, Betty S.
245 _aUnderstanding and using english grammar.
650 _aEnglish Grammar
999 _c279581
_d279581
942 _cBK